000 00692nam a2200205Ii 4500
003 JO-AjNU
008 230605s9999||||xx |||||||||||||| ||und||
017 _a1989/1323
040 _aJO-AjNU
_bara
_erda
_cJO-AjNU
041 _aara
050 1 4 _aPN1996.F5412 1989
100 3 _aفيلد، سد ؛ ترجمة سامي محمد,
_eauthor
_98746
245 0 0 _aالسيناريو
264 3 1 _aبغداد: دار المأمون للترجمة والنشر، 1989
300 _a244ص
336 _atext
_btxt
_2rdacontent
337 _aunmediated
_bn
_2rdamedia
338 _avolume
_bnc
_2rdacarrier
650 4 _aالسيناريو - بناء الشخصيات - بدايات ونهايات
_98747
999 _aA946
_c4514
_d4514